000 00279nam a2200121Ia 4500
008 190216s9999||||xx |||||||||||||| ||und||
100 _aHarris V C
245 0 _aEnglish Alive
260 _bUniversity Of Calicut
_c1993
300 _a68p
650 _aEnglish Essay
942 _cBK
999 _c13675
_d13675